[Event "Tuesday Night"]
[Site "Edmonton CAN"]
[Date "2007.05.08"]
[Round "?"]
[White "Wang, Richard"]
[Black "Haynes, Nicolas"]
[Result "0-1"]
[WhiteElo "1779"]
[BlackElo "2197"]
[PlyCount "72"]
[GameId "2160767910684619"]
[EventDate "2007.05.08"]
[EventType "swiss"]
[EventCountry "CAN"]

1. e4 c5 2. Nf3 Nc6 3. Bb5 g6 4. O-O Bg7 5. c3 Nf6 6. e5 Nd5 7. d4 cxd4 8. cxd4 O-O 9. Nc3 Nxc3 10. bxc3 d6 11. Bxc6 bxc6 12. Bf4 Ba6 13. Re1 d5 14. Qd2 Bc8 15. h3 Qa5 16. Ng5 h6 17. Nf3 Kh7 18. Nh2 Bf5 19. Ng4 g5 20. Bh2 Qd8 21. Ne3 Bg6 22. f4 f5 23. Nc2 e6 24. Rab1 Qc7 25. fxg5 f4 26. Rb2 hxg5 27. Rf1 Rfb8 28. Rfb1 c5 29. Rxb8 Rxb8 30. Rxb8 Qxb8 31. Na3 cxd4 32. cxd4 Qb6 33. Qc3 Bxe5 34. Nc2 Qb1+ 35. Kf2 Bg7 36. Nb4 a5 0-1

[Event "Northern Alberta op"]
[Site "Edmonton CAN"]
[Date "2007.01.02"]
[Round "1"]
[White "Rekhson, Vladislav"]
[Black "Wang, Richard"]
[Result "1-0"]
[WhiteElo "2159"]
[BlackElo "1481"]
[PlyCount "59"]
[GameId "2160767910718380"]
[EventDate "2007.02.17"]
[EventType "swiss"]
[EventRounds "5"]
[EventCountry "CAN"]
[SourceTitle "EXT 2008"]
[Source "ChessBase"]
[SourceDate "2007.11.25"]
[SourceVersion "1"]
[SourceVersionDate "2007.11.25"]
[SourceQuality "1"]

1. e4 e5 2. Nf3 Nc6 3. Bb5 Nf6 4. d3 d6 5. Nbd2 a6 6. Ba4 Be7 7. c3 O-O 8. Nf1 h6 9. Ng3 Nh7 10. O-O Kh8 11. h3 b5 12. Bc2 f5 13. exf5 d5 14. Re1 Bd6 15. Bb3 Nf6 16. Nh2 a5 17. Ng4 Nxg4 18. hxg4 Bc5 19. g5 Bxf5 20. Nxf5 Rxf5 21. d4 exd4 22. gxh6 gxh6 23. Re6 Rf6 24. Qg4 dxc3 25. Bxh6 Bxf2+ 26. Kh1 Rf7 27. Rxc6 Qe7 28. bxc3 Rg8 29. Qh5 Rh7 30. Bc2 1-0

[Event "Northern Alberta op"]
[Site "Edmonton CAN"]
[Date "2007.02.17"]
[Round "2"]
[White "Sekuloff, Mike"]
[Black "Wang, Richard"]
[Result "1-0"]
[WhiteElo "1693"]
[BlackElo "1481"]
[PlyCount "63"]
[GameId "2160767910718384"]
[EventDate "2007.02.17"]
[EventType "swiss"]
[EventRounds "5"]
[EventCountry "CAN"]

1. d4 d5 2. c4 e6 3. Nc3 c6 4. c5 Nd7 5. e4 Qc7 6. e5 f6 7. f4 a5 8. a4 b6 9. Bd3 g6 10. cxb6 Qxb6 11. Nf3 f5 12. O-O c5 13. Bb5 Ba6 14. Be3 Nh6 15. Qb3 Kd8 16. h3 Rc8 17. Rfd1 c4 18. Qc2 Nf7 19. Qf2 Rb8 20. Rab1 Bb4 21. Kh1 h6 22. Qh4+ Be7 23. Qg3 Rg8 24. b3 Bb4 25. Bd2 Bxc3 26. Bxc3 cxb3 27. Rxb3 Ke7 28. Rdb1 g5 29. Qe1 Qa7 30. Bxa5 Bxb5 31. Rxb5 g4 32. Qb4+ 1-0